Score 0/204 Timer 12:00
0 Plays Today
Lyrics % Correct
I
97.3%
I
97.3%
I
97.3%
I
97.3%
I
97.3%
I
97.3%
I
97.3%
I
97.3%
I
97.3%
a
95.5%
a
95.5%
a
95.5%
a
95.5%
the
89.9%
the
89.9%
the
89.9%
the
89.9%
the
89.9%
the
89.9%
the
89.9%
the
89.9%
the
89.9%
the
89.9%
the
89.9%
the
89.9%
the
89.9%
the
89.9%
the
89.9%
the
89.9%
the
89.9%
the
89.9%
the
89.9%
the
89.9%
the
89.9%
the
89.9%
you
85.3%
you
85.3%
you
85.3%
you
85.3%
you
85.3%
you
85.3%
you
85.3%
you
85.3%
you
85.3%
and
79%
and
79%
and
79%
and
79%
to
77.2%
to
77.2%
to
77.2%
to
77.2%
to
77.2%
to
77.2%
to
77.2%
to
77.2%
to
77.2%
to
77.2%
to
77.2%
to
77.2%
to
77.2%
to
77.2%
me
76.1%
me
76.1%
me
76.1%
me
76.1%
me
76.1%
me
76.1%
Lyrics % Correct
in
76.1%
in
76.1%
in
76.1%
in
76.1%
in
76.1%
in
76.1%
in
76.1%
in
76.1%
go
70.4%
go
70.4%
go
70.4%
go
70.4%
go
70.4%
go
70.4%
go
70.4%
Go
70.4%
When
69.7%
When
69.7%
when
69.7%
When
69.7%
when
69.7%
when
69.7%
When
69.7%
when
69.7%
when
69.7%
When
69.7%
where
60.6%
where
60.6%
where
60.6%
that
58.9%
that
58.9%
they
58.3%
they
58.3%
they
58.3%
they
58.3%
So
54.2%
So
54.2%
I'm
53.7%
I'm
53.7%
I'm
53.7%
up
50.4%
up
50.4%
up
50.4%
up
50.4%
sky.
49.1%
sky,
49.1%
sky.
49.1%
sky.
49.1%
sky.
49.1%
sky.
49.1%
you're
48.8%
you're
48.8%
down
48.1%
know
47.8%
know
47.8%
know
47.8%
die,
46.3%
die,
46.3%
die.
46.3%
die
46.3%
die,
46.3%
die.
46.3%
die
46.3%
die,
46.3%
die.
46.3%
die
46.3%
gonna
45.9%
place
45.9%
Lyrics % Correct
gonna
45.9%
gonna
45.9%
place
45.9%
have
45.9%
gonna
45.9%
Gonna
45.9%
gonna
45.9%
gonna
45.9%
place
45.9%
gonna
45.9%
gonna
45.9%
gonna
45.9%
place
45.9%
place
45.9%
Goin'
44.3%
goin'
44.2%
best.
43.7%
best.
43.7%
best.
43.7%
best.
43.7%
best.
43.7%
that's
43.1%
spirit
43.1%
spirit
43.1%
that's
43.1%
that's
43.1%
spirit
43.1%
spirit
43.1%
That's
43.1%
that's
43.1%
spirit
43.1%
spirit
43.1%
That's
43.1%
that's
43.1%
that's
43.1%
lay
42.7%
lay
42.7%
lay
42.7%
lay
42.7%
lay
42.7%
rest,
42.1%
rest,
42.1%
rest,
42.1%
rest,
42.1%
it's
39.9%
got
39.1%
with
38%
with
38%
friend
32.8%
friend
32.8%
Jesus.
30.9%
Jesus.
30.9%
been
29.9%
Oh,
28.3%
Never
27.8%
never
27.8%
He's
26%
He's
26%
Gotta
23.7%
recommend
22.6%
recommend
22.6%
must.
21.7%
sinner,
20.5%
sinned.
19.5%
set
18.7%
set
18.7%
yourself,
16.5%
Prepare
14.8%
Remove Ads.
Support Sporcle.
Get the best of Sporcle when you Go Orange. This ad-free experience offers more features, more stats, and more fun while also helping to support Sporcle. Thank you for becoming a member.

You're not logged in!

Compare scores with friends on all Sporcle quizzes.
OR
Log In

Show Comments

Extras

Top Quizzes Today


Score Distribution

Your Account Isn't Verified!

In order to create a playlist on Sporcle, you need to verify the email address you used during registration. Go to your Sporcle Settings to finish the process.

Report this User

Report this user for behavior that violates our Community Guidelines.

Details: